000 00356nam a2200169Ia 4500
100 _aSubramaniam/ Venkat
650 _aJava
942 _cRB
366 _f20
654 _ajavascript
245 _aRediscovering Javascript : Master ES6
260 _bPragmatic Bookshelf
_c2018
082 _bSUB
300 _a261
546 _aENGLISH
999 _c18761
_d18761